000 00614nam a22001937a 4500
005 20251108172403.0
008 250721s9999 xx 000 0 ara d
082 1 4 _aط/214.2/شوق
100 1 _aحسن، شوقي
245 1 0 _aالعقاب :
_bقصة سيدنا لوط /
264 1 _aالقاهرة _ الغسكندرية :
_bالمركز العربي للنشر و التوزيع،
_c[19-].
300 _a32ص
490 0 _aقصص الأنبياء للأطفال ، 5
650 1 7 _aالدين الإسلامي
650 1 7 _aأصول
650 1 7 _aالنبوات
942 _2ddc
_cBK
999 _c77948
_d77948